|
|
|
|
| LEADER |
00000nab a2200000uu 4500 |
| 001 |
vtls011484610 |
| 003 |
SK-MaSNL |
| 005 |
20260303155316.0 |
| 008 |
230222|1961 xo |||||||||||||||||slo| |
| 015 |
|
|
|a SNBRB
|
| 035 |
|
|
|a (urnnbn)urn:nbn:sk:snk:ar-0077cb
|
| 035 |
|
|
|a (uuid)a60a5c70-0ee1-4eeb-912a-c33bef1088fc
|
| 035 |
|
|
|a urn:nbn:sk:snk-abdb68
|
| 040 |
|
|
|a SNKBUCL
|b slo
|c SNKBUCL
|e AACR2
|
| 041 |
0 |
|
|a slo
|
| 044 |
|
|
|a xo
|c SK
|
| 100 |
1 |
|
|a Michalčák, Ondrej,
|d 1926-1996
|4 aut
|9 198229
|
| 245 |
1 |
0 |
|a URČOVANIE POLOHY PODZEMNÝCH ROZVODOV ENERGIE ELEKTROMAGNETICKÝMI METÓDAMI
|c Ondrej Michalčák
|
| 773 |
0 |
|
|t Stavba : časopis pre techniku a ekonomiku stavebníctva
|g Roč. 8, č. 9 (1961), s. 260-262
|
| 954 |
|
|
|a odborná, vedecká literatúra pôvodná (slovenská)
|2 lita
|
| 958 |
|
|
|a OND
|
| 958 |
|
|
|a EUIPO
|
| 958 |
|
|
|a article18
|
| 999 |
|
|
|c 2039513
|d 2041443
|